Responses for Show #8098 - Wednesday, November 20, 2019

Contestants

[<< previous game]

Dave Blum, a biomedical engineer from Boston, Massachusetts

Elise Nussbaum, a financial counselor from Jersey City, New Jersey

Sathvik Namburar, a medical student from Lebanon, New Hampshire (whose 1-day cash winnings total $27,201)

[next game >>]

Jeopardy! Round responses

DISNEY ON BROADWAY
(Alex: First off, we're gonna celebrate [*]. They've been on Broadway for 25 years.)
THERE'S A NATIONAL DAY FOR THAT
YOU'RE CREEPING ME OUT
(Alex: A list from PBS...)
THE GREAT AMERICAN READ'S TOP 100 BOOKS
RACKET SPORTS
THE OCCUPATION OF FRANCE
    $200 7
Beauty and the Beast

Dave
    $200 28
a Computer

Sathvik
    $200 10
(Elise: [Selecting the clue] You're Creeping Me Out $200.)
(Alex: I'm sorry.)
[Laughter]

a stork

Dave
    $200 6
To Kill a Mockingbird

Dave
    $200 15
Israel

Dave
    $200 1
hairdresser

Elise
    $400 8
Frozen

Sathvik
    $400 29
[The end of the round sound signals.]

Pen Pals

Dave
    $400 21
the warthog

Elise
    $400 19
Charlotte and Emily

Sathvik
    $400 20
squash

Elise
    $400 2
librarian

Elise
    $600 9
Mary Poppins

Elise
    $600 22
wild turkey

Dave
    $600 16
Stephen King

Elise
    $600 11
pickleball

Dave
    $600 3
flight attendant

Elise
    $800 13
The Lion King

Sathvik
    $800 24
baked Alaska

Elise
    $800 27
a cucumber (sea cucumbers)

Dave
    $800 17
The Hitchhiker's Guide to the Galaxy

Elise
    $1,000 12
(Dave: Uh... [Exhales] What is... Uh... I don't know.)

badminton

Dave
    $800 4
(Dave: Uh, what is a student?)

writer

EliseDave
    $1000 14
(Alex: Our thanks, of course, to Disney, for helping out with all those clues.)

The Little Mermaid

Dave
    $1000 23
endangered species

Elise
    $1000 25
(Alex: Less than a minute now.)

yeti

Sathvik
    $1000 18
Outlander

Elise
    $1000 26
pelota

Sathvik
    $1000 5
(Alex: You ran the category. Way to go.)
[Applause]

nurse

Elise

Scores at the first commercial break (after clue 14):

Sathvik Elise Dave
$1,200 $3,600 $400

Scores at the end of the Jeopardy! Round:

Sathvik Elise Dave
$3,800 $8,600 $2,400

Double Jeopardy! Round responses

PLUNDER WOMAN
FIRST NAME SONG TITLES
WHAT IS THAT PERSON DOING?
ISLAND NATION CAPITAL CITIES
I GOT RELIGION
STUCK IN THE MIDDLE WITH U
(Alex: The letter U is exactly in the middle of each correct response.)
    $400 6
pregnant

Dave
    $400 3
Roxanne

Dave
    $400 4
the comics

Dave
    $400 1
Buddhism

Sathvik
    $400 12
a porcupine

Sathvik
    $800 9
the Vikings

Elise
    $800 10
"Alejandro"

Elise
    $800 7
backup

Elise
    $6,000 29
(Dave: [Mouths words] Uh... I'll say what is a bomb?)
[The end-of-the-round sound signals.]

a hurricane

Dave
    $800 2
Exorcists

Elise
    $800 16
nocturnal

Elise
    $1200 17
the South China Sea

Elise
    $1200 11
"Layla"

Dave
    $1200 24
capers

Elise
    $1200 13
(Sathvik: What is the Byzantine Empire?)

the Ottoman Empire

SathvikElise
    $7,700 23
the Southern Baptists

Sathvik
    $1200 5
pertussis

Elise
    $1600 18
highway

Sathvik
    $1600 14
(Alex: Sounds like one of your favorites.)
(Elise: [Nods] Very favorite.)

Elvis Costello

Elise
    $1600 25
13

Triple Stumper
    $1600 19
Bahrain

Sathvik
    $1600 27
Elijah

Elise
    $1600 8
elocution

Dave
    $2000 22
corsairs

Triple Stumper
    $2000 15
Beth

Elise
    $2000 26
(Alex: Less than a minute now with four clues.)

the Dominican Republic

Elise
    $2000 20
Mauritius

Elise
    $2000 28
Sharia law

Dave
    $2000 21
samurai

Sathvik

Scores at the end of the Double Jeopardy! Round:

Sathvik Elise Dave
$16,300 $26,600 $2,400

[wagering suggestions for these scores]

Final Jeopardy! Round responses

MOVIE & BOOK TITLES
DaveWhat is Upstream
$0
SathvikWhat is One Flew Over the Cuckoo's Nest
$11,499
EliseWhat is "One Flew Over the Cuckoo's Nest"?
$8,000
One Flew Over the Cuckoo's Nest

Final scores:

Sathvik Elise Dave
$27,799 $34,600 $2,400
2nd place: $2,000 New champion: $34,600 3rd place: $1,000

Game dynamics:

Coryat scores:

Sathvik Elise Dave
$9,800 $26,600 $9,400
12 R
(including 1 DD),
1 W
27 R,
0 W
15 R,
3 W
(including 2 DDs)

Combined Coryat: $45,800

[game clues] [game scores] [suggest correction]

Game tape date: 2019-09-24
The J! Archive is created by fans, for fans. Scraping, republication, monetization, and malicious use prohibited; this site may use cookies and collect identifying information. See terms. The Jeopardy! game show and all elements thereof, including but not limited to copyright and trademark thereto, are the property of Jeopardy Productions, Inc. and are protected under law. This website is not affiliated with, sponsored by, or operated by Jeopardy Productions, Inc. Join the discussion at JBoard.tv.